| 000 | 00705nam a22002057a 4500 | ||
|---|---|---|---|
| 005 | 20250207161442.0 | ||
| 008 | 250207b ||||| |||| 00| 0 eng d | ||
| 040 | _cAL | ||
| 041 | _a Konkani /Devanāgarī | ||
| 082 |
_223 _a891.463 _bNAZM |
||
| 100 |
_aEdward L Nazreth _9198432 |
||
| 100 |
_dएडवर्ड एल नज्रेत _9198307 |
||
| 245 |
_aMrigajal _bमृगजल |
||
| 260 |
_aMaharashtra _bAshavadi Prakashana _c2025 |
||
| 300 |
_a240 p, _bPB _c21x14 cm. |
||
| 365 |
_aAP-J-04 _b₹360.00 _c₹ _d₹450.00 _e20% _f20-01-2025 |
||
| 650 |
_aKonkani Fiction _9198308 |
||
| 700 |
_aQUADROS(Valley) Ed Tr _bಕ್ವಾಡ್ರಸ್ (ವಲ್ಲಿ) _9198309 |
||
| 942 |
_2ddc _cBK |
||
| 999 |
_c233727 _d233727 |
||